000 00990nas a2200301 4500
001 BR2015002811
003 BR-BrBNA
005 20231205125442.0
007 ta
008 230509b bl.|||p| |||| 00| 00por d
040 _aBR-BrBNA
_bpor
_cBiblioteca Nacional de Agricultura
041 _a(Pt)
072 _aM40
100 1 _aBraga, A.C. da S.
100 1 _aTâmega, F.T. de S.
100 1 _aPedrini, A. de G.
100 1 _aMuniz, R. de A.
245 1 _aComposição e estrutura da comunidade fitobentônica do infralitoral da praia de Itaipu, Niterói, brasil: subsídios para monitoramento e conservação
650 _aALGA
650 _aAMBIENTE BENTICO
650 _aIMPACTO AMBIENTAL
650 _aSEDIMENTO
650 _aPRESERVAÇÃO DA NATUREZA
650 _aRIO DE JANEIRO
773 0 _tIheringia. Série Botânica (Brazil)
_xISSN 0073-4705
_g(Dec 2014), v. 69(2) p. 267-276
_wBR2015002811
909 _a202311
_bLúcia
_c55
_dLúcia Elande
942 _2AGRIS
_n0
_cANA
999 _c244447
_d244447